[Event "Steinfurt Bezirksliga 1516"]
[Site "Germany"]
[Date "2015.12.19"]
[Round "4.5"]
[White "Roewekamp, Helmut"]
[Black "Beimdiek, Reiner"]
[Result "1/2-1/2"]
[WhiteElo "1597"]
[BlackElo "1765"]
[PlyCount "83"]
[EventDate "2015.09.19"]
[EventType "team-tourn"]
[EventRounds "9"]
[EventCountry "GER"]
[SourceTitle "EXT 2017"]
[Source "ChessBase"]
[SourceDate "2016.10.25"]
[SourceVersion "1"]
[SourceVersionDate "2016.10.25"]
[SourceQuality "1"]
[WhiteTeam "Reckenfeld"]
[BlackTeam "Westerkappeln"]
[WhiteTeamCountry "GER"]
[BlackTeamCountry "GER"]

1. e4 c5 2. c3 d5 3. exd5 Qxd5 4. Nf3 Bg4 5. Qa4+ Bd7 6. Qd1 Nf6 7. Be2 e5 8. d3 Be7 9. 0-0 0-0 10. Nbd2 Nc6 11. Re1 Rfe8 12. Nf1 Rad8 13. Ne3 Qd6 14. Qc2 Qc7 15. b3 Ng4 16. Nxg4 Bxg4 17. Nd2 Bf5 18. Ne4 b5 19. f3 Na5 20. Be3 Bxe4 21. dxe4 c4 22. Red1 Bc5 23. Bxc5 Qxc5+ 24. Kf1 Qe3 25. Rxd8 Rxd8 26. Rd1 Rc8 27. Rd5 h6 28. b4 Nc6 29. Rxb5 Ne7 30. Qd1 Qxc3 31. Qd7 Qa1+ 32. Kf2 Qd4+ 33. Qxd4 exd4 34. Bxc4 Rxc4 35. Rb7 Kf8 36. a4 Ke8 37. a5 Nc6 38. b5 Nxa5 39. Rxa7 Nb3 40. b6 Nc5 41. b7 Nxb7 42. Rxb7 1/2-1/2

[Event "Steinfurt Bezirksklasse 1314"]
[Site "Germany"]
[Date "2014.05.24"]
[Round "9.4"]
[White "Beimdiek, Reiner"]
[Black "Schroerluecke, Dieter"]
[Result "1-0"]
[WhiteElo "1766"]
[BlackElo "1135"]
[PlyCount "51"]
[EventDate "2013.10.05"]
[EventType "team-tourn"]
[EventRounds "9"]
[EventCountry "GER"]
[SourceTitle "EXT 2015"]
[Source "ChessBase"]
[SourceDate "2014.11.20"]
[SourceVersion "1"]
[SourceVersionDate "2014.11.20"]
[SourceQuality "1"]
[WhiteTeam "Westerkappeln"]
[BlackTeam "Ibbenbueren III"]
[WhiteTeamCountry "GER"]
[BlackTeamCountry "GER"]

1. e4 c5 2. Nf3 d6 3. d4 cxd4 4. Nxd4 g6 5. Nc3 Bg7 6. Bc4 Nf6 7. Be3 0-0 8. f3 a6 9. Qd2 Bd7 10. 0-0-0 Nc6 11. g4 Nxd4 12. Bxd4 Rc8 13. Bb3 Bc6 14. h4 Nd7 15. h5 Ne5 16. hxg6 Nxf3 17. gxf7+ Rxf7 18. Bxf7+ Kxf7 19. Qf4+ Kg8 20. Qxf3 e5 21. Qf5 h6 22. Qe6+ Kh7 23. Be3 Bd7 24. Rxh6+ Bxh6 25. Qxh6+ Kg8 26. Qg6+ 1-0

[Event "Steinfurt Bezirksliga 1112"]
[Site "Germany"]
[Date "2011.10.01"]
[Round "1.4"]
[White "Rogowski, Friedrich"]
[Black "Beimdiek, Reiner"]
[Result "1-0"]
[WhiteElo "1638"]
[BlackElo "1782"]
[PlyCount "65"]
[EventDate "2011.10.01"]
[EventType "team-tourn"]
[EventRounds "9"]
[EventCountry "GER"]
[SourceTitle "EXT 2013"]
[Source "ChessBase"]
[SourceDate "2012.11.22"]
[SourceVersion "1"]
[SourceVersionDate "2012.11.22"]
[SourceQuality "1"]
[WhiteTeam "Saerbeck II"]
[BlackTeam "Westerkappeln"]
[WhiteTeamCountry "GER"]
[BlackTeamCountry "GER"]

1. e4 c5 2. Nf3 Nc6 3. Bb5 g6 4. 0-0 Bg7 5. Re1 Nd4 6. Bf1 d6 7. c3 Nxf3+ 8. Qxf3 Nf6 9. d4 0-0 10. h3 Be6 11. d5 Bd7 12. c4 a6 13. Nc3 Rb8 14. a4 b6 15. Bf4 Ne8 16. e5 dxe5 17. Bxe5 Nd6 18. Bxg7 Kxg7 19. Bd3 Bf5 20. g4 Bxd3 21. Qxd3 Re8 22. b3 Qd7 23. Ne4 Nxe4 24. Rxe4 b5 25. axb5 axb5 26. Qe3 bxc4 27. bxc4 Qc7 28. Ra6 Rb1+ 29. Kg2 Qb7 30. Ra5 Rb3 31. Qxc5 Rc8 32. Qd4+ Kg8 33. Ra7 1-0

[Event "Muensterland Verbandsklasse-B 1011"]
[Site "Germany"]
[Date "2011.01.08"]
[Round "5.4"]
[White "Beimdiek, Reiner"]
[Black "Langhans, Joerg"]
[Result "0-1"]
[WhiteElo "1781"]
[BlackElo "1907"]
[PlyCount "52"]
[EventDate "2010.09.18"]
[EventType "team-tourn"]
[EventRounds "9"]
[EventCountry "GER"]
[SourceTitle "EXT 2012"]
[Source "ChessBase"]
[SourceDate "2011.11.24"]
[SourceVersion "1"]
[SourceVersionDate "2011.11.24"]
[SourceQuality "1"]
[WhiteTeam "Westerkappeln"]
[BlackTeam "Rheine Klein Berlin II"]
[WhiteTeamCountry "GER"]
[BlackTeamCountry "GER"]

1. e4 e5 2. Nf3 Nf6 3. Nc3 Nc6 4. Bb5 Bb4 5. 0-0 0-0 6. d3 d6 7. Bg5 Bxc3 8. bxc3 Qe7 9. Re1 Nd8 10. h3 Ne6 11. Bh4 Nf4 12. Qd2 h6 13. Nh2 g5 14. Bg3 N6h5 15. Re3 Be6 16. Ba4 c5 17. d4 c4 18. Bxf4 Nxf4 19. Bb5 Qc7 20. d5 Bc8 21. Rg3 a6 22. h4 f6 23. hxg5 hxg5 24. Nf3 axb5 25. Nxg5 fxg5 26. Rxg5+ Kf7 0-1

[Event "Muensterland Verbandsklasse-B 1011"]
[Site "Germany"]
[Date "2010.11.13"]
[Round "3.4"]
[White "Beimdiek, Reiner"]
[Black "Kemper, Andreas"]
[Result "1-0"]
[WhiteElo "1781"]
[BlackElo "1828"]
[PlyCount "85"]
[EventDate "2010.09.18"]
[EventType "team-tourn"]
[EventRounds "9"]
[EventCountry "GER"]
[SourceTitle "EXT 2012"]
[Source "ChessBase"]
[SourceDate "2011.11.24"]
[SourceVersion "1"]
[SourceVersionDate "2011.11.24"]
[SourceQuality "1"]
[WhiteTeam "Westerkappeln"]
[BlackTeam "Ahaus Wessum"]
[WhiteTeamCountry "GER"]
[BlackTeamCountry "GER"]

1. e4 c5 2. Nf3 e6 3. d4 cxd4 4. Nxd4 Bc5 5. Nb3 Bb6 6. Nc3 Ne7 7. Be2 0-0 8. 0-0 f5 9. Be3 fxe4 10. Bxb6 Qxb6 11. Nxe4 d5 12. Ng3 Nbc6 13. c4 d4 14. c5 Qd8 15. Bd3 e5 16. Qh5 g6 17. Qe2 Nf5 18. Ne4 a6 19. Nbd2 Be6 20. a3 Qe7 21. b4 Bd5 22. Rfb1 Ng7 23. a4 Ne6 24. Bc4 Bxe4 25. Nxe4 Kg7 26. b5 Nf4 27. Qd2 Nd8 28. bxa6 bxa6 29. Rb6 Qh4 30. Ng3 Rc8 31. Rxa6 Rxc5 32. Qb4 Rc7 33. Bb5 d3 34. Qd6 Ne2+ 35. Nxe2 Qxf2+ 36. Kh1 dxe2 37. Qxc7+ Kh6 38. Qc1+ Rf4 39. Qe1 Qd4 40. Bxe2 Re4 41. Qc1+ Kg7 42. Bf3 Re3 43. Rd6 1-0

[Event "Muensterland Verbandsklasse-B 1011"]
[Site "Germany"]
[Date "2010.09.18"]
[Round "1.4"]
[White "Beimdiek, Reiner"]
[Black "Rickert, Berthold"]
[Result "0-1"]
[WhiteElo "1781"]
[BlackElo "1813"]
[PlyCount "72"]
[EventDate "2010.09.18"]
[EventType "team-tourn"]
[EventRounds "9"]
[EventCountry "GER"]
[SourceTitle "EXT 2012"]
[Source "ChessBase"]
[SourceDate "2011.11.24"]
[SourceVersion "1"]
[SourceVersionDate "2011.11.24"]
[SourceQuality "1"]
[WhiteTeam "Westerkappeln"]
[BlackTeam "Borken"]
[WhiteTeamCountry "GER"]
[BlackTeamCountry "GER"]

1. e4 g6 2. d4 Bg7 3. Nf3 d6 4. Nc3 Nd7 5. Be2 b6 6. Be3 Bb7 7. 0-0 Ngf6 8. e5 Nd5 9. e6 fxe6 10. Ng5 Nf8 11. Bg4 Nxc3 12. bxc3 Qd7 13. c4 d5 14. cxd5 Bxd5 15. Qe2 Qc6 16. Rfc1 Qc4 17. Qd2 h6 18. Be2 Qc6 19. a4 a6 20. Nf3 g5 21. c4 Be4 22. c5 Qb7 23. cxb6 cxb6 24. Ne5 Bxe5 25. dxe5 Rd8 26. Qb4 Nd7 27. Bh5+ Kf8 28. f3 Bf5 29. f4 g4 30. Rc4 a5 31. Qe1 Nc5 32. Bxc5 bxc5 33. Rxc5 Rd5 34. Qxa5 Qb2 35. Rac1 Qd4+ 36. Kf1 Bd3+ 0-1

[Event "Steinfurt Bezirksliga 0910"]
[Site "Germany"]
[Date "2009.12.05"]
[Round "4.5"]
[White "Beimdiek, Reiner"]
[Black "Westers, Stefan"]
[Result "1-0"]
[WhiteElo "1783"]
[BlackElo "1157"]
[PlyCount "69"]
[EventDate "2009.09.12"]
[EventType "team-tourn"]
[EventRounds "9"]
[EventCountry "GER"]
[SourceTitle "EXT 2011"]
[Source "ChessBase"]
[SourceDate "2010.11.26"]
[SourceVersion "1"]
[SourceVersionDate "2010.11.26"]
[SourceQuality "1"]
[WhiteTeam "Westerkappeln"]
[BlackTeam "Emsdetten Turm III"]
[WhiteTeamCountry "GER"]
[BlackTeamCountry "GER"]

1. e4 e6 2. d4 d5 3. Nc3 dxe4 4. Nxe4 Bd7 5. Nf3 Bc6 6. Bd3 Bxe4 7. Bxe4 c6 8. 0-0 Nf6 9. Bd3 Bd6 10. c3 Nbd7 11. Bg5 Qc7 12. Re1 0-0 13. Qc2 Rfe8 14. Bh4 g6 15. Rad1 c5 16. Bb5 Nd5 17. dxc5 Bxc5 18. Qd2 a6 19. Bxd7 Qxd7 20. c4 Bb4 21. Qxb4 Nxb4 22. Rxd7 b5 23. a3 Nc6 24. cxb5 axb5 25. Rc1 Nd8 26. h3 h6 27. Bf6 Rb8 28. Ne5 h5 29. Rcc7 Rf8 30. Be7 f6 31. Bxf8 fxe5 32. Bh6 e4 33. Rg7+ Kh8 34. Rh7+ Kg8 35. Rcg7+ 1-0

[Event "Muensterland Verbandsklasse-B 0809"]
[Site "Germany"]
[Date "2009.02.28"]
[Round "7.5"]
[White "Beimdiek, Reiner"]
[Black "Overesch, Dieter"]
[Result "1/2-1/2"]
[WhiteElo "1840"]
[BlackElo "1833"]
[PlyCount "53"]
[EventDate "2008.09.13"]
[EventType "team-tourn"]
[EventRounds "9"]
[EventCountry "GER"]
[SourceTitle "EXT 2010"]
[Source "ChessBase"]
[SourceDate "2010.11.25"]
[SourceVersion "1"]
[SourceVersionDate "2010.11.25"]
[SourceQuality "1"]
[WhiteTeam "Westerkappeln"]
[BlackTeam "Nordwalde"]
[WhiteTeamCountry "GER"]
[BlackTeamCountry "GER"]

1. e4 c5 2. Nc3 a6 3. g3 b5 4. a3 Bb7 5. Bg2 g6 6. d3 Bg7 7. f4 e6 8. Nf3 Ne7 9. 0-0 0-0 10. Be3 Qc7 11. Qd2 d5 12. exd5 Nxd5 13. Nxd5 Bxd5 14. c3 Nd7 15. d4 Rac8 16. Ng5 Bxg2 17. Kxg2 Qc6+ 18. Nf3 Rfd8 19. Qf2 cxd4 20. Bxd4 e5 21. fxe5 Nxe5 22. Bxe5 Bxe5 23. Rad1 Bg7 24. Rd2 Rxd2 25. Qxd2 Re8 26. Re1 Rc8 27. Qd3 1/2-1/2

[Event "Muensterland Verbandsklasse-B 0809"]
[Site "Germany"]
[Date "2008.10.11"]
[Round "2.5"]
[White "Rickert, Berthold"]
[Black "Beimdiek, Reiner"]
[Result "1-0"]
[WhiteElo "1840"]
[BlackElo "1840"]
[PlyCount "53"]
[EventDate "2008.09.13"]
[EventType "team-tourn"]
[EventRounds "9"]
[EventCountry "GER"]
[SourceTitle "EXT 2010"]
[Source "ChessBase"]
[SourceDate "2010.11.25"]
[SourceVersion "1"]
[SourceVersionDate "2010.11.25"]
[SourceQuality "1"]
[WhiteTeam "Borken"]
[BlackTeam "Westerkappeln"]
[WhiteTeamCountry "GER"]
[BlackTeamCountry "GER"]

1. c4 e5 2. Nc3 Nc6 3. g3 g6 4. Bg2 Bg7 5. e3 d6 6. Nge2 Nge7 7. Nd5 0-0 8. 0-0 Bg4 9. f3 Be6 10. e4 Qd7 11. Rf2 f5 12. d3 h6 13. Be3 Nd8 14. Qd2 Nf7 15. Raf1 c6 16. Nxe7+ Qxe7 17. f4 b6 18. exf5 Bxf5 19. Bxc6 Rad8 20. Nc3 Rc8 21. Bg2 h5 22. Nd5 Qd8 23. h3 Kh7 24. b3 exf4 25. Nxf4 Ne5 26. d4 Nc6 27. Nxh5 1-0

[Event "Muensterland Verbandsklasse-B 0708"]
[Site "Germany"]
[Date "2007.12.15"]
[Round "4.5"]
[White "Beimdiek, Reiner"]
[Black "Schoebel, Elmar"]
[Result "1-0"]
[WhiteElo "1831"]
[BlackElo "1703"]
[PlyCount "62"]
[EventDate "2007.09.15"]
[EventType "team"]
[EventRounds "9"]
[EventCountry "GER"]
[SourceTitle "EXT 2009"]
[Source "ChessBase"]
[SourceDate "2008.11.26"]
[SourceVersion "1"]
[SourceVersionDate "2008.11.26"]
[SourceQuality "1"]
[WhiteTeam "Westerkappeln"]
[BlackTeam "Metelen"]
[WhiteTeamCountry "GER"]
[BlackTeamCountry "GER"]

1. e4 e5 2. Nf3 Nc6 3. Bb5 a6 4. Ba4 Nf6 5. d4 b5 6. dxe5 Nxe4 7. Bb3 Nc5 8. Bd5 Be7 9. 0-0 0-0 10. Nc3 Rb8 11. Bf4 Nb4 12. Re1 Nxd5 13. Nxd5 Ne6 14. Be3 Bb7 15. Qd2 h6 16. Rad1 Bc5 17. Bxc5 Nxc5 18. Qc3 Ne6 19. Rd2 Bc6 20. Nb4 Bxf3 21. Qxf3 Rb6 22. Red1 d6 23. Nd5 Rc6 24. Ne7+ Qxe7 25. Qxc6 Nf4 26. exd6 cxd6 27. Qxd6 Qg5 28. g3 Nh3+ 29. Kg2 Qf5 30. Qd7 Qxd7 31. Rxd7 Ng5 1-0

[Event "Muensterland Verbandsklasse-B 0708"]
[Site "Germany"]
[Date "2007.11.17"]
[Round "3.5"]
[White "Wichmann, Norbert"]
[Black "Beimdiek, Reiner"]
[Result "1/2-1/2"]
[WhiteElo "1781"]
[BlackElo "1831"]
[PlyCount "101"]
[EventDate "2007.09.15"]
[EventType "team"]
[EventRounds "9"]
[EventCountry "GER"]
[SourceTitle "EXT 2009"]
[Source "ChessBase"]
[SourceDate "2008.11.26"]
[SourceVersion "1"]
[SourceVersionDate "2008.11.26"]
[SourceQuality "1"]
[WhiteTeam "Muenster Indische Dame"]
[BlackTeam "Westerkappeln"]
[WhiteTeamCountry "GER"]
[BlackTeamCountry "GER"]

1. d4 Nf6 2. c4 e6 3. g3 Bb4+ 4. Bd2 a5 5. Bg2 0-0 6. Nc3 d5 7. Nf3 c6 8. cxd5 exd5 9. 0-0 Bf5 10. a3 Bxc3 11. bxc3 Nbd7 12. Bf4 Ne4 13. Qc1 b5 14. Nd2 Nxd2 15. Qxd2 Nb6 16. f3 Nc4 17. Qc1 Re8 18. Re1 Qd7 19. e4 Bg6 20. h3 h6 21. Ra2 Qb7 22. Qb1 Qe7 23. Qa1 Qd7 24. g4 Re7 25. Rae2 Rae8 26. Kf2 Kh7 27. Qa2 Qb7 28. h4 h5 29. gxh5 Bxh5 30. exd5 cxd5 31. Qc2+ Bg6 32. Rxe7 Rxe7 33. Qc1 Rxe1 34. Qxe1 Nxa3 35. Qe8 b4 36. Bd6 Nb5 37. Bf8 Nxc3 38. Bf1 b3 39. h5 Bc2 40. Bxg7 Kxg7 41. h6+ Kh7 42. Qf8 f5 43. Ba6 Qc7 44. Kg2 b2 45. Bc8 b1Q 46. Be6 Qg1+ 47. Kxg1 Qg3+ 48. Kh1 Qxf3+ 49. Kh2 Qf4+ 50. Kh3 Qg4+ 51. Kh2 1/2-1/2

[Event "Muensterland Verbandsklasse-B 0506"]
[Site "Germany"]
[Date "2005.11.05"]
[Round "2.4"]
[White "Schmeing, Manfred"]
[Black "Beimdiek, Reiner"]
[Result "0-1"]
[WhiteElo "1777"]
[BlackElo "1841"]
[PlyCount "60"]
[EventDate "2005.09.03"]
[EventType "team"]
[EventRounds "9"]
[EventCountry "GER"]
[SourceTitle "EXT 2006"]
[Source "ChessBase"]
[SourceDate "2005.11.24"]
[SourceVersion "1"]
[SourceVersionDate "2005.11.24"]
[SourceQuality "1"]
[WhiteTeam "Suedlohn II"]
[BlackTeam "Westerkappeln"]
[WhiteTeamCountry "GER"]
[BlackTeamCountry "GER"]

1. e4 c5 2. Nc3 Nc6 3. g3 g6 4. Bg2 Bg7 5. f4 d6 6. d3 Rb8 7. Nf3 b5 8. 0-0 b4 9. Nd5 e6 10. Ne3 Nd4 11. Kh1 Nxf3 12. Qxf3 Nf6 13. g4 0-0 14. h4 Nd7 15. Qh3 f5 16. exf5 exf5 17. g5 Nb6 18. a4 a5 19. Nc4 Nxc4 20. Bd5+ Kh8 21. dxc4 Bb7 22. h5 Bxd5+ 23. cxd5 gxh5 24. Qxh5 Qe8 25. Qd1 Qe4+ 26. Kh2 Rfe8 27. Rb1 Re7 28. b3 Rbe8 29. Kg3 Qe2 30. Bd2 Re3+ 0-1

[Event "Steinfurt Bezirksliga 0304"]
[Site "Germany"]
[Date "2004.05.22"]
[Round "9.4"]
[White "Beimdiek, Reiner"]
[Black "Jarvers, Hermann"]
[Result "1-0"]
[WhiteElo "1875"]
[BlackElo "1398"]
[PlyCount "107"]
[EventDate "2003.10.18"]
[EventType "team-tourn"]
[EventRounds "9"]
[EventCountry "GER"]
[SourceTitle "EXT 2005"]
[Source "ChessBase"]
[SourceDate "2004.11.15"]
[SourceVersion "1"]
[SourceVersionDate "2004.11.15"]
[SourceQuality "1"]
[WhiteTeam "Westerkappeln"]
[BlackTeam "Rheine SG"]
[WhiteTeamCountry "GER"]
[BlackTeamCountry "GER"]

1. e4 e5 2. Nf3 d6 3. Bc4 Be7 4. c3 Be6 5. Bxe6 fxe6 6. Qb3 Nd7 7. d4 d5 8. exd5 exd5 9. dxe5 Nc5 10. Qc2 Qd7 11. 0-0 Nh6 12. Be3 Ng4 13. Bd4 0-0 14. Nbd2 Ne6 15. Rac1 c5 16. Be3 d4 17. cxd4 cxd4 18. Bxd4 Nxd4 19. Qc4+ Ne6 20. Qxg4 Rf4 21. Qg3 Raf8 22. Rc4 b5 23. Rxf4 Nxf4 24. Kh1 Bb4 25. Nb3 Qd3 26. Ra1 a5 27. Nfd4 Qe4 28. a3 Be7 29. f3 Qd3 30. Qe1 a4 31. Rd1 Qg6 32. g3 Nd3 33. Qd2 Nxe5 34. Nc1 Rd8 35. Qe3 Bf6 36. Nce2 Qf7 37. Qc1 Nc4 38. Nxb5 Re8 39. Nbd4 Qh5 40. Kg2 Ne5 41. Qc2 Ng6 42. Qc4+ Kh8 43. Qxa4 Rd8 44. Ne6 Rb8 45. Qd7 Ne5 46. Qd5 h6 47. b4 Rc8 48. N6f4 Qg5 49. Rc1 Rd8 50. Qe4 Nf7 51. a4 Be5 52. Ng6+ Kg8 53. f4 Bxf4 54. Ngxf4 1-0

[Event "Steinfurt Bezirksliga 0304"]
[Site "Germany"]
[Date "2004.03.27"]
[Round "7.3"]
[White "Muhmann, Reinhard"]
[Black "Beimdiek, Reiner"]
[Result "0-1"]
[WhiteElo "1518"]
[BlackElo "1875"]
[PlyCount "72"]
[EventDate "2003.10.18"]
[EventType "team-tourn"]
[EventRounds "9"]
[EventCountry "GER"]
[SourceTitle "EXT 2005"]
[Source "ChessBase"]
[SourceDate "2004.11.15"]
[SourceVersion "1"]
[SourceVersionDate "2004.11.15"]
[SourceQuality "1"]
[WhiteTeam "Emsdetten Rochade III"]
[BlackTeam "Westerkappeln"]
[WhiteTeamCountry "GER"]
[BlackTeamCountry "GER"]

1. e4 c5 2. Nf3 Nc6 3. d4 cxd4 4. Nxd4 Nf6 5. Nc3 e5 6. Nf5 d6 7. Bg5 Bxf5 8. exf5 Be7 9. Bxf6 Bxf6 10. Nd5 0-0 11. Bc4 Nd4 12. c3 Nxf5 13. Bd3 Nh4 14. 0-0 Ng6 15. g3 a6 16. Be4 Rb8 17. Qg4 b5 18. h4 Re8 19. h5 Nf8 20. Qf5 Re6 21. Kg2 Bg5 22. Rg1 Bh6 23. f4 exf4 24. gxf4 g6 25. Kf3 Bg7 26. Qh3 Rxe4 27. Kxe4 Qa5 28. Ne7+ Kh8 29. Rae1 b4 30. hxg6 bxc3 31. Kf3 cxb2 32. Kg4 fxg6 33. Nc6 Qf5+ 34. Kg3 b1Q 35. Rxb1 Rxb1 36. Qxf5 Rxg1+ 0-1

[Event "Steinfurt Bezirksliga 0304"]
[Site "Germany"]
[Date "2004.01.24"]
[Round "4.4"]
[White "Roewekamp, Helmut"]
[Black "Beimdiek, Reiner"]
[Result "1/2-1/2"]
[WhiteElo "1580"]
[BlackElo "1875"]
[PlyCount "57"]
[EventDate "2003.10.18"]
[EventType "team-tourn"]
[EventRounds "9"]
[EventCountry "GER"]
[SourceTitle "EXT 2005"]
[Source "ChessBase"]
[SourceDate "2004.11.15"]
[SourceVersion "1"]
[SourceVersionDate "2004.11.15"]
[SourceQuality "1"]
[WhiteTeam "Reckenfeld"]
[BlackTeam "Westerkappeln"]
[WhiteTeamCountry "GER"]
[BlackTeamCountry "GER"]

1. e4 c5 2. Nf3 Nc6 3. c3 d5 4. exd5 Qxd5 5. Be2 Bg4 6. 0-0 Nf6 7. Na3 e6 8. Nc2 Be7 9. d4 Rd8 10. dxc5 Qxc5 11. Qe1 0-0 12. Be3 Qa5 13. Nfd4 Nxd4 14. Nxd4 Bxe2 15. Qxe2 Nd5 16. Bd2 Qb6 17. Rab1 Bf6 18. Nf3 a6 19. c4 Nb4 20. Be3 Qc7 21. b3 Rd7 22. Rfd1 Rfd8 23. a3 Nd3 24. Ne1 Nc5 25. Rxd7 Rxd7 26. Qc2 e5 27. Rd1 Ne6 28. Rxd7 Qxd7 29. Qd3 1/2-1/2

[Event "Steinfurt Bezirksliga 0304"]
[Site "Germany"]
[Date "2003.10.18"]
[Round "1.4"]
[White "Guennigmann, Stefan"]
[Black "Beimdiek, Reiner"]
[Result "1-0"]
[WhiteElo "1790"]
[BlackElo "1875"]
[PlyCount "91"]
[EventDate "2003.10.18"]
[EventType "team-tourn"]
[EventRounds "9"]
[EventCountry "GER"]
[SourceTitle "EXT 2005"]
[Source "ChessBase"]
[SourceDate "2004.11.15"]
[SourceVersion "1"]
[SourceVersionDate "2004.11.15"]
[SourceQuality "1"]
[WhiteTeam "Saerbeck Falke II"]
[BlackTeam "Westerkappeln"]
[WhiteTeamCountry "GER"]
[BlackTeamCountry "GER"]

1. d4 Nf6 2. c4 c5 3. d5 e6 4. Nc3 exd5 5. cxd5 d6 6. e4 g6 7. Nf3 Bg7 8. Be2 0-0 9. 0-0 a6 10. a4 Bg4 11. Nd2 Bxe2 12. Qxe2 Nbd7 13. Nc4 Nb6 14. Bf4 Nxc4 15. Qxc4 Qc7 16. f3 Nd7 17. Qe2 Rab8 18. a5 Rfe8 19. Rfe1 c4 20. Be3 Rec8 21. Na4 Qd8 22. Nb6 Nxb6 23. Bxb6 Qf6 24. Rac1 Qxb2 25. Rxc4 Qxe2 26. Rxc8+ Rxc8 27. Rxe2 Kf8 28. f4 Ke7 29. e5 Kd7 30. Kf2 Rc4 31. g3 g5 32. e6+ fxe6 33. dxe6+ Ke7 34. f5 h6 35. h3 Be5 36. g4 Rc3 37. Re3 Rc2+ 38. Re2 Rc3 39. Re3 Rc2+ 40. Kf3 Rc4 41. Rb3 Rc3+ 42. Rxc3 Bxc3 43. Ke4 Bb4 44. Kd5 Bc3 45. Bc7 Bb4 46. Bxd6+ 1-0

[Event "Steinfurt Bezirksliga 0203"]
[Site "Germany"]
[Date "2003.05.10"]
[Round "9.4"]
[White "Rengers, Rainer"]
[Black "Beimdiek, Reiner"]
[Result "0-1"]
[WhiteElo "1643"]
[BlackElo "1855"]
[PlyCount "74"]
[EventDate "2002.09.14"]
[EventType "team-tourn"]
[EventRounds "9"]
[EventCountry "GER"]
[SourceTitle "EXT 2004"]
[Source "ChessBase"]
[SourceDate "2003.11.25"]
[SourceVersion "1"]
[SourceVersionDate "2003.11.25"]
[SourceQuality "1"]
[WhiteTeam "Neuenkirchen II"]
[BlackTeam "Westerkappeln"]
[WhiteTeamCountry "GER"]
[BlackTeamCountry "GER"]

1. d4 Nf6 2. Nf3 c5 3. d5 e6 4. c4 exd5 5. cxd5 d6 6. Nc3 g6 7. e4 Bg7 8. Bd3 0-0 9. 0-0 Bg4 10. h3 Bxf3 11. Qxf3 a6 12. g4 b5 13. Bf4 c4 14. Bc2 Qc7 15. Qg3 Ne8 16. Rae1 Nd7 17. Be3 Nc5 18. Bf4 Rd8 19. e5 dxe5 20. Bxe5 Bxe5 21. Qxe5 Nd6 22. Ne4 Ncxe4 23. Bxe4 Rfe8 24. Qd4 Qa5 25. a3 b4 26. f4 bxa3 27. bxa3 Qxa3 28. Rf3 Qxf3 29. Bxf3 Rxe1+ 30. Kf2 Ree8 31. h4 Rc8 32. f5 c3 33. fxg6 fxg6 34. h5 c2 35. h6 Rc7 36. Qf4 c1Q 37. Qxd6 Qc5+ 0-1

[Event "Steinfurt Bezirksliga 0203"]
[Site "Germany"]
[Date "2003.03.22"]
[Round "7.4"]
[White "Braemik, Simon"]
[Black "Beimdiek, Reiner"]
[Result "0-1"]
[WhiteElo "1322"]
[BlackElo "1855"]
[PlyCount "66"]
[EventDate "2002.09.14"]
[EventType "team-tourn"]
[EventRounds "9"]
[EventCountry "GER"]
[SourceTitle "EXT 2004"]
[Source "ChessBase"]
[SourceDate "2003.11.25"]
[SourceVersion "1"]
[SourceVersionDate "2003.11.25"]
[SourceQuality "1"]
[WhiteTeam "Rheine SG"]
[BlackTeam "Westerkappeln"]
[WhiteTeamCountry "GER"]
[BlackTeamCountry "GER"]

1. d4 Nf6 2. c4 c5 3. e3 g6 4. Nc3 Bg7 5. Nf3 0-0 6. Be2 b6 7. b3 Bb7 8. Bb2 d6 9. dxc5 bxc5 10. Qc2 Nc6 11. a3 Nd7 12. h4 Nce5 13. h5 Nxf3+ 14. Bxf3 Bxf3 15. gxf3 Rb8 16. hxg6 fxg6 17. 0-0-0 Nf6 18. Nd5 Nxd5 19. Rxd5 Qb6 20. Rd3 Rxf3 21. Bxg7 Kxg7 22. Kb2 Rbf8 23. Rd2 Qc6 24. Rh2 e6 25. b4 cxb4 26. axb4 Rb8 27. Qc3+ Kg8 28. Rd1 Qa4 29. Ra1 Rxb4+ 30. Kc1 Rxc4 31. Rxa4 Rxc3+ 32. Kd2 Rc7 33. Ke2 Rf6 0-1

[Event "Steinfurt Bezirksliga 0203"]
[Site "Germany"]
[Date "2003.01.25"]
[Round "5.3"]
[White "Beimdiek, Reiner"]
[Black "Kruempelmann, Uwe"]
[Result "1-0"]
[WhiteElo "1855"]
[BlackElo "1751"]
[PlyCount "88"]
[EventDate "2002.09.14"]
[EventType "team-tourn"]
[EventRounds "9"]
[EventCountry "GER"]
[SourceTitle "EXT 2004"]
[Source "ChessBase"]
[SourceDate "2003.11.25"]
[SourceVersion "1"]
[SourceVersionDate "2003.11.25"]
[SourceQuality "1"]
[WhiteTeam "Westerkappeln"]
[BlackTeam "Emsdetten Rochade II"]
[WhiteTeamCountry "GER"]
[BlackTeamCountry "GER"]

1. e4 c5 2. Nc3 Nc6 3. g3 e6 4. Bg2 Be7 5. d3 d6 6. Be3 Nf6 7. f4 Bd7 8. h3 0-0 9. Nge2 Rb8 10. 0-0 a6 11. Qd2 Ne8 12. f5 exf5 13. exf5 Bf6 14. Rab1 Nc7 15. Ne4 Be5 16. c3 b6 17. d4 d5 18. dxe5 dxe4 19. f6 Nxe5 20. fxg7 Re8 21. Bg5 Qc8 22. Nf4 Bc6 23. Nh5 Re6 24. Nf6+ Rxf6 25. Rxf6 Qe8 26. Bf4 Rd8 27. Qe2 Bb5 28. Qh5 Nf3+ 29. Bxf3 exf3 30. Qxf3 Nd5 31. Rf5 Bc6 32. Qf2 Nxf4 33. Rxf4 Rd7 34. Re1 Qd8 35. Rf5 Rd1 36. Rfe5 Rxe1+ 37. Qxe1 Kxg7 38. Qe2 Qf6 39. Qg4+ Kf8 40. Qc8+ Kg7 41. Qg4+ Kf8 42. Rg5 Ke7 43. Qf4 Qd6 44. Qxd6+ Kxd6 1-0

[Event "Steinfurt Bezirksliga 0203"]
[Site "Germany"]
[Date "2002.11.30"]
[Round "3.4"]
[White "Holtmannspoetter, Michael"]
[Black "Beimdiek, Reiner"]
[Result "0-1"]
[WhiteElo "1396"]
[BlackElo "1855"]
[PlyCount "72"]
[EventDate "2002.09.14"]
[EventType "team-tourn"]
[EventRounds "9"]
[EventCountry "GER"]
[SourceTitle "EXT 2004"]
[Source "ChessBase"]
[SourceDate "2003.11.25"]
[SourceVersion "1"]
[SourceVersionDate "2003.11.25"]
[SourceQuality "1"]
[WhiteTeam "Reckenfeld II"]
[BlackTeam "Westerkappeln"]
[WhiteTeamCountry "GER"]
[BlackTeamCountry "GER"]

1. e4 c5 2. Nf3 Nc6 3. Nc3 Nf6 4. Bc4 e6 5. d3 d6 6. 0-0 Be7 7. Ne1 d5 8. exd5 exd5 9. Bb3 0-0 10. Ne2 a6 11. c3 Bg4 12. f3 Be6 13. d4 Qb6 14. Kh1 Rad8 15. Bc2 Rfe8 16. a3 Bc8 17. dxc5 Bxc5 18. b4 Be3 19. Bb2 Ne5 20. Bb3 Nc4 21. Bxc4 dxc4 22. Nd4 Nd5 23. Qb1 Bxd4 24. cxd4 c3 25. Bc1 Qxd4 26. Nc2 Qd3 27. Bg5 f6 28. Rd1 Qg6 29. Bh4 Re2 30. Ne1 c2 31. Qc1 cxd1Q 32. Qxd1 Qe8 33. Qb3 Be6 34. Qd3 Bf7 35. Bg3 Re7 36. Rd1 Red7 0-1